Statistics for Former Grounds of Scottish Pro. Football League teams

Click here to take the quiz!

General Stats

  • This quiz has been taken 60 times
    (36 since last reset)
  • The average score is 7 of 14

Answer Stats

Ground NameYearsAnswer% Correct
Love Street1894 - 2009St. Mirren
94%
Shawfield Stadium1898 - 1986Clyde
79%
Brockville Park1902 - 2003Falkirk
79%
Meadowbank Stadium1974 - 1995Livingston
73%
Boghead Park1906 - 2000Dumbarton
64%
Muirton Park1924 - 1989St. Johnstone
61%
Annfield Stadium1946 - 1993Stirling Albion
61%
Meadowbank Stadium2016 - 2017Edinburgh City
61%
Barrowfield Park1891 - 1898Clyde
42%
Telford Street Park1994 - 1996Inverness Caledonian Thistle
39%
Dalziel Park1893 - 1895Motherwell
21%
Recreation Grounds1921 - 1924St. Johnstone
12%
Carolina Port1894 - 1899Dundee
9%
North End Park1905 - 1915Cowdenbeath
6%

Score Distribution

Percentile by Number Answered

Percent of People with Each Score

Your Score History

You have not taken this quiz since the last reset